| 000 | 00689cam a2200241 a 4500 | ||
|---|---|---|---|
| 001 | 000005495 | ||
| 005 | 20200929151706.0 | ||
| 008 | 751113s1990 sp b 001 0 spa | ||
| 020 | _a8437600464 | ||
| 040 |
_aDO-SdBNP _bspa _cBNPHU |
||
| 082 |
_a862.6 _bR934t, 1990 |
||
| 100 | 1 |
_aRuibal, José, _d1925- _915580 |
|
| 245 | 1 | 0 |
_aTeatro sobre teatro / _cJosé Ruibal. |
| 250 | _a5a ed. | ||
| 260 |
_aMadrid : _bCátedra, _c1990. |
||
| 300 |
_a191 p. ; _c18 cm. |
||
| 490 | 1 |
_aLetras hispánicas _v26 |
|
| 650 | 4 |
_aTeatro español _93071 |
|
| 650 | 4 |
_aLiteratura española _ySIGLO XXI _94846 |
|
| 830 | 0 |
_aLetras hispánicas ; _v26 _94208 |
|
| 910 | _aCatalogación derivada | ||
| 910 | _aWM | ||
| 999 |
_c5294 _d5294 |
||